Music Quiz

Random Music or Artist Quiz

R&B Music Artists Quiz Stats

Quiz Updated Jun 18, 2015

Challenge
Share
Tweet
Score 0/25 Timer 05:00
1 Play Today
% Correct
Whitney Houston
91.1%
Bruno Mars
89.7%
John Legend
85.3%
Janet Jackson
83.5%
Usher
82.8%
Alicia Keys
81.4%
Aretha Franklin
75.9%
Pharrell Williams
72.4%
Ray Charles
71.2%
Jamie Foxx
68.4%
Akon
59.3%
Brandy
56.5%
Mary J. Blige
55.4%
% Correct
Kelly Rowland
55.1%
Ne-Yo
50.2%
Ciara
43%
Ashanti
39.9%
Dionne Warwick
36.5%
Toni Braxton
35.3%
Fantasia
34.5%
Mario
33.6%
R. Kelly
31.5%
Erykah Badu
24.4%
Trey Songz
24.4%
Frank Ocean
22.9%

You're not logged in!

Compare scores with friends on all Sporcle quizzes.
Join for Free
OR
Log In

You Might Also Like...

Show Comments

Extras

Top Quizzes Today


Score Distribution

Your Account Isn't Verified!

In order to create a playlist on Sporcle, you need to verify the email address you used during registration. Go to your Sporcle Settings to finish the process.

Report this User

Report this user for behavior that violates our Community Guidelines.

Details: